[Event "Olympiad Women 2024"]
[Site "Budapest HUN"]
[Date "2024.09.15"]
[Round "5.23"]
[Board "4"]
[White "Padilla Garcia, Cecilia Xasive"]
[Black "Makropoulou, Marina"]
[Result "1/2-1/2"]
[WhiteElo "1954"]
[BlackElo "2103"]
[PlyCount "93"]
[EventDate "2024.09.11"]
[WhiteTeam "Mexico"]
[BlackTeam "Greece"]
[WhiteTeamCountry "MEX"]
[BlackTeamCountry "GRE"]

1. e4 c6 2. d4 d5 3. f3 e6 4. Nc3 Bb4 5. Bd3 dxe4 6. Bxe4 f5 7. Bd3 Qxd4 8. Nge2 Qh4+ $146 ({RR} 8... Qf6 9. Be3 Ne7 10. Qd2 O-O 11. Bg5 Qf7 12. a3 Ba5 13. Bxe7 Qxe7 14. O-O e5 15. Rae1 Be6 16. Kh1 Qf6 17. g4 fxg4 18. b4 Bb6 19. Ne4 Qe7 20. f4 Nd7 21. c4 h6 22. Qc3 Bc7 23. Bb1 {1-0 Velasquez Ojeda,C (2328)-Michel Yunis,C (2378) CHI-ch  Santiago de Chile 2002 (3)}) ({RR} 8... Qb6 9. Bd2 Nf6 10. a3 Bd6 11. Qc1 Nbd7 12. b4 Ne5 13. Be3 Nxd3+ 14. cxd3 Qc7 15. f4 b6 16. O-O Bb7 17. Nd4 Kf7 18. Re1 Rhe8 19. Qd2 Qd7 20. Nf3 Rad8 21. Bd4 c5 22. bxc5 bxc5 23. Ng5+ {0-1 Szakolczai,P (2300)-Hackenschmidt,G Kecskemet5 1991}) 9. g3 Qe7 10. a3 Bc5 11. Na4 Nd7 12. Nxc5 Nxc5 13. Bc4 e5 14. Be3 Nf6 15. Qd2 b5 16. b4 Nb7 17. Bb3 Be6 18. Qc3 Bd5 19. O-O Qe6 20. f4 Bxb3 21. fxe5 Bc4 22. exf6 Bxe2 23. fxg7 Rg8 24. Rfe1 Bf3 25. Bxa7 Be4 26. Bb6 Kf7 27. Bd4 Rad8 28. a4 Nd6 29. a5 Ne8 30. a6 Nxg7 31. a7 Nh5 32. Ra6 Qc4 33. Qxc4+ bxc4 34. c3 Ng7 35. Rea1 Ra8 36. Rb6 Ne6 37. Be5 Ng5 38. Rb7+ Ke6 39. Bb8 Bd5 40. Re1+ Be4 41. Rd1 Bd3 42. Re1+ Ne4 43. Rb6 Kd7 44. Rb7+ Ke6 45. Rb6 Kd7 46. Rb7+ Ke6 47. Rb6 1/2-1/2

[Event "Olympiad Women 2024"]
[Site "Budapest HUN"]
[Date "2024.09.15"]
[Round "5.24"]
[Board "1"]
[White "Efroimski, Marsel"]
[Black "Arakhamia-Grant, Ketevan"]
[Result "1/2-1/2"]
[WhiteElo "2408"]
[BlackElo "2263"]
[PlyCount "103"]
[EventDate "2024.09.11"]
[WhiteTeam "Israel"]
[BlackTeam "Scotland"]
[WhiteTeamCountry "ISR"]
[BlackTeamCountry "SCO"]

1. e4 c5 2. Nf3 Nc6 3. Bb5 d6 4. O-O Bd7 5. Re1 Nf6 6. c3 a6 7. Bf1 e5 8. d4 cxd4 9. cxd4 Bg4 10. d5 Nd4 11. Be3 Nxf3+ 12. gxf3 Bd7 13. a4 Be7 14. Nd2 b5 15. axb5 axb5 16. Qb3 O-O 17. Qb4 $146 ({RR} 17. Rxa8 Qxa8 18. Rc1 Qa5 19. Qc3 Qxc3 20. Rxc3 Rb8 21. Rc7 Bd8 22. Ra7 Kf8 23. b4 Bb6 24. Ra6 Bxe3 25. fxe3 Ke7 26. Nb3 Ne8 27. Na5 Nc7 28. Nc6+ Bxc6 29. Rxc6 Rb7 30. f4 exf4 31. exf4 f5 {½-½ Wachinger,N (2432)-Tiviakov,S (2534) 2nd Cambridge Int Open 2024 (3.1)}) ({RR} 17. Rec1 Nh5 18. Rxa8 Qxa8 19. Rc7 Qe8 20. Qa3 f5 21. Qa7 Nf6 22. exf5 Bd8 23. Rb7 Bxf5 24. Rxg7+ Kh8 25. Bh6 Nh5 26. Rg2 Rg8 27. Qb8 Nf4 28. Bxf4 exf4 29. Qxd6 Rxg2+ 30. Kxg2 Qg6+ 31. Qxg6 hxg6 {1-0 Ostrovskiy,A (2388)-Yudasin,L (2464) New York GM-A 2021 (7)}) 17... Nh5 18. Nb3 f5 19. exf5 Bxf5 20. Rxa8 Qxa8 21. Qxb5 Rb8 22. Ra1 Qb7 23. Qxb7 Rxb7 24. Bc4 Rb4 25. Rc1 Bf6 26. Bd2 Rb8 27. Bc3 Nf4 28. Na5 Nd3 29. Bxd3 Bxd3 30. Nc6 Rb5 31. Ra1 Be2 32. Ra8+ Kf7 33. Ra7+ Kg6 34. f4 Rxd5 35. fxe5 dxe5 36. Ne7+ Bxe7 37. Rxe7 Kf6 38. Rxe5 Rxe5 39. f4 Kf5 40. fxe5 Bc4 41. Kf2 Kf4 42. b4 g5 43. Bb2 h5 44. Bc3 g4 45. Bb2 h4 46. Bc3 Ke4 47. Kg1 Kf4 48. Be1 Kxe5 49. Bxh4 Kd6 50. Kf2 Kc6 51. Kg3 Be6 52. Be7 1/2-1/2

[Event "Olympiad Women 2024"]
[Site "Budapest HUN"]
[Date "2024.09.15"]
[Round "5.24"]
[Board "2"]
[White "Roy, Ali"]
[Black "Klinova, Masha"]
[Result "0-1"]
[WhiteElo "1961"]
[BlackElo "2227"]
[PlyCount "138"]
[EventDate "2024.09.11"]
[WhiteTeam "Scotland"]
[BlackTeam "Israel"]
[WhiteTeamCountry "SCO"]
[BlackTeamCountry "ISR"]

1. Nf3 d5 2. g3 g6 3. Bg2 Bg7 4. O-O e5 5. d3 Ne7 6. Nbd2 Nbc6 7. e4 O-O 8. a4 ({RR} 8. exd5 Nxd5 9. Re1 Re8 10. a3 Bf5 11. Ne4 b6 12. Bg5 f6 13. c4 Bxe4 14. Rxe4 Nde7 15. Bc1 Qd7 16. Re1 Rad8 17. Bf1 Nf5 18. Bd2 Nfd4 19. Bc3 Nxf3+ 20. Qxf3 Nd4 21. Bxd4 Qxd4 22. b4 Qd7 {0-1 Mamedyarov,S (2801)-Giri,A (2782) chess.com Speed 5m+1spm 2018 blitz (1.6)}) 8... a5 9. b3 h6 $146 ({RR} 9... Re8 10. Bb2 d4 11. Ne1 f5 12. exf5 Nxf5 13. Nc4 Be6 14. Nf3 Bd5 15. Nfd2 Bxg2 16. Kxg2 Nb4 17. Ne4 Nd5 18. Qg4 Qd7 19. Qe2 Qe7 20. Ba3 Qd7 21. Kh1 Kh8 22. Rae1 b6 23. Qf3 c5 24. Ng5 {0-1 Vaibhav,J (1727)-Mehdi,H (2232) Udaipur Lakecity blitz op 1st 2019 (6)}) ({RR} 9... Re8 10. Bb2 b6 11. exd5 Nxd5 12. Re1 Bb7 13. Nc4 f6 14. Nfd2 Nd4 15. f4 Rb8 16. fxe5 fxe5 17. Ne4 Ne6 18. Nxe5 Nb4 19. d4 Rf8 20. c3 Bxe5 21. dxe5 Nd3 22. Qg4 Nxe1 23. Rxe1 Bxe4 24. Bxe4 {0-1 Tahbaz,A (2442)-Ohanyan,E (2490) AI Cup Play-In 2023 (3)}) 10. Ba3 Re8 11. Re1 Be6 12. Rc1 Qd7 13. Bb2 Bg4 14. Nf1 d4 15. N1d2 Nb4 16. Nc4 Nec6 17. Qd2 Kh7 18. h4 Bf8 19. Ra1 Bg7 20. Rac1 b6 21. Nh2 Bh3 22. f4 Bxg2 23. Qxg2 f5 24. h5 gxh5 25. Qh3 exf4 26. gxf4 Rad8 27. e5 Nd5 28. Qf3 Qe6 29. Kf2 Bf8 30. Rh1 Be7 31. Qxh5 Nxf4 32. Qf3 Ng6 33. Rcg1 Ncxe5 34. Nxe5 Nxe5 35. Qh5 Bf8 36. Bc1 Ng4+ 37. Nxg4 Qe2+ 38. Kg3 Qxg4+ 39. Qxg4 fxg4 40. Rg2 Bd6+ 41. Kxg4 Rg8+ 42. Kh3 Rdf8 43. Rxg8 Rxg8 44. Rf1 Rg3+ 45. Kh4 Rg2 46. Bf4 Bxf4 47. Rxf4 Rxc2 48. Rxd4 Kg6 49. b4 axb4 50. Rxb4 Kf5 51. Kg3 Rc3 52. Rd4 Ke5 53. Rd7 Ke6 54. Rd4 c5 55. Rh4 Rxd3+ 56. Kf2 Rd6 57. Rxh6+ Kd5 58. Rh4 Re6 59. Kf3 c4 60. Rh5+ Kd4 61. a5 bxa5 62. Rxa5 c3 63. Ra8 Kd3 64. Rd8+ Kc2 65. Rh8 Kb2 66. Rb8+ Kc1 67. Rc8 c2 68. Rh8 Rb6 69. Ke3 Kb1 0-1

[Event "Olympiad Women 2024"]
[Site "Budapest HUN"]
[Date "2024.09.15"]
[Round "5.24"]
[Board "3"]
[White "Orian, Noga"]
[Black "Cooke, Suzie G."]
[Result "1/2-1/2"]
[WhiteElo "2187"]
[BlackElo "1941"]
[PlyCount "106"]
[EventDate "2024.09.11"]
[WhiteTeam "Israel"]
[BlackTeam "Scotland"]
[WhiteTeamCountry "ISR"]
[BlackTeamCountry "SCO"]

1. d4 e6 2. c4 Nf6 3. Nf3 d5 4. Nc3 c5 5. cxd5 exd5 6. Bg5 Be6 7. Qa4+ Nc6 8. e3 Qb6 9. Bb5 Be7 10. O-O O-O 11. Bxc6 bxc6 12. Qc2 c4 $146 ({RR} 12... cxd4 13. Nxd4 c5 14. Bxf6 Bxf6 15. Na4 Qa5 16. Nxc5 Rfc8 17. Rfc1 Be7 18. Ndb3 Qb6 19. Qc3 Rab8 20. f4 h6 21. Qd4 Bxc5 22. Nxc5 Qxb2 23. Qd3 Rb6 24. Qd1 Rbc6 25. Nd3 Qa3 26. Rxc6 Rxc6 27. Rb1 {0-1 Divya,D (2408)-Medina,W (2362) FIDE Grand Swiss Women 2023 (7.22)}) 13. b3 cxb3 14. axb3 Rfb8 15. Nd2 Qd8 16. Na4 Ne4 17. Bxe7 Qxe7 18. Nc5 Nxc5 19. Qxc5 Qxc5 20. dxc5 Rb5 21. Rfc1 a5 22. Ra4 d4 23. exd4 Bxb3 24. Nxb3 Rxb3 25. Kf1 Kf8 26. Re1 Rb2 27. g3 g6 28. h4 h5 29. Kg2 Rb3 30. Re3 Rb4 31. Rea3 Rxa4 32. Rxa4 Ke7 33. Kf3 Ke6 34. Ke4 f6 35. f3 Ra7 36. d5+ cxd5+ 37. Kd4 Ra6 38. g4 hxg4 39. fxg4 Ra7 40. Ra1 a4 41. Re1+ Kd7 42. Kxd5 Ra6 43. h5 gxh5 44. gxh5 f5 45. Rg1 Rh6 46. Rg7+ Kd8 47. c6 Rxh5 48. Kd6 Rh6+ 49. Kc5 Rh1 50. Rg8+ Kc7 51. Rg7+ Kc8 52. Rg8+ Kc7 53. Rg7+ Kc8 1/2-1/2

[Event "Olympiad Women 2024"]
[Site "Budapest HUN"]
[Date "2024.09.15"]
[Round "5.24"]
[Board "4"]
[White "Giulian, Rosemary A"]
[Black "Kochavi, Dana"]
[Result "0-1"]
[WhiteElo "1922"]
[BlackElo "2009"]
[PlyCount "90"]
[EventDate "2024.09.11"]
[WhiteTeam "Scotland"]
[BlackTeam "Israel"]
[WhiteTeamCountry "SCO"]
[BlackTeamCountry "ISR"]

1. e4 c5 2. c3 Nf6 3. e5 Nd5 4. Nf3 Nc6 5. d4 cxd4 6. cxd4 d6 7. Bc4 Nb6 8. Bb5 Bd7 9. Nc3 dxe5 10. dxe5 g6 11. O-O Bg7 12. Bf4 ({RR} 12. Qe2 O-O 13. h3 Be6 14. Rd1 Qc7 15. Bf4 Rad8 16. Rac1 Nd5 17. Nxd5 Bxd5 18. Nd4 Qb6 19. Nxc6 bxc6 20. Bc4 Bxc4 21. Qxc4 Rxd1+ 22. Rxd1 Qxb2 23. e6 Qf6 24. Be3 Qxe6 25. Qxe6 fxe6 26. Bxa7 Ra8 {0-1 Erigaisi,A (2710)-Praggnanandhaa,R (2690) FIDE World Cup 2023 (6.2)}) 12... O-O 13. Re1 ({RR} 13. h3 a6 14. Bd3 Rc8 15. Qe2 Nb4 16. Be4 Bc6 17. Bxc6 Rxc6 18. Rfd1 N4d5 19. Nxd5 Nxd5 20. Bg3 e6 21. Nd4 Rc7 22. Rac1 Rd7 23. Nb3 Qb6 24. Nc5 Rc7 25. Ne4 Rfc8 26. Qd2 Rc6 27. Nd6 R8c7 {½-½ Giulian,R (1922)-Demchenko,S (2167) Olympiad Women 2024 (4.17)}) 13... Be6 $146 ({RR} 13... Bg4 14. Bg3 Qxd1 15. Raxd1 Bxf3 16. gxf3 Rfd8 17. Bxc6 bxc6 18. Kf1 Rac8 19. f4 Nd5 20. Na4 Bh6 21. Rd4 Nxf4 22. Rb4 {0-1 Oberhofer,A (2299)-Seps,M (2182) Gibraltar Masters 10th 2012 (10)}) ({RR} 13... Bg4 14. h3 Qxd1 15. Raxd1 Bxf3 16. gxf3 Rac8 17. Nd5 Nxd5 18. Rxd5 Nb8 19. Bf1 e6 20. Rd2 a6 21. Bg5 Nc6 22. f4 h6 23. Bh4 g5 24. fxg5 Nxe5 25. Bg2 hxg5 26. Bxg5 b5 {½-½ Pulito,A (2239)-Mogranzini,R (2401) Cannes op 2007 (5)}) 14. Bxc6 bxc6 15. Qc1 Bg4 16. Ng5 h6 17. Nge4 g5 18. Bg3 Nc4 19. Nxg5 hxg5 20. Qxg5 Be6 21. b3 Nb6 22. Bf4 Nd5 23. Rad1 f6 24. exf6 exf6 25. Qg3 Bf5 26. Ne2 Re8 27. Nd4 Rxe1+ 28. Rxe1 Nxf4 29. Qxf4 Bd7 30. h4 Qb8 31. Qc1 Qb4 32. Nf3 Rc8 33. Rd1 Be6 34. Rd4 Qf8 35. Qd2 Bd5 36. Ne1 f5 37. Ra4 Qe7 38. Nc2 Rd8 39. Qf4 Bxb3 40. Ne3 Bxa4 41. Qxa4 f4 42. Nf5 Qe6 43. Nxg7 Kxg7 44. Qxa7+ Rd7 45. Qa5 Qf6 0-1

[Event "Olympiad Women 2024"]
[Site "Budapest HUN"]
[Date "2024.09.15"]
[Round "5.25"]
[Board "1"]
[White "Ouellet, Maili-Jade"]
[Black "Dornbusch, Tatiana"]
[Result "1/2-1/2"]
[WhiteElo "2318"]
[BlackElo "2212"]
[PlyCount "124"]
[EventDate "2024.09.11"]
[WhiteTeam "Canada"]
[BlackTeam "Monaco"]
[WhiteTeamCountry "CAN"]
[BlackTeamCountry "MNC"]

1. d4 d5 2. c4 e6 3. Nc3 Be7 4. Nf3 Nf6 5. Bg5 h6 6. Bh4 O-O 7. e3 Ne4 8. Bxe7 Qxe7 9. cxd5 Nxc3 10. bxc3 exd5 11. Bd3 c5 12. O-O Nc6 13. h3 Be6 14. Re1 ({RR} 14. Qc2 c4 15. Bf5 Rfe8 16. Rfe1 Qf6 17. Bxe6 Rxe6 18. Rab1 b6 19. e4 Qg6 20. Nd2 Rae8 21. f3 f5 22. e5 Qg5 23. Nf1 f4 24. Qf2 Ne7 25. g4 fxg3 26. Qxg3 Qh5 27. Kh2 Rf8 28. Qg4 Qf7 {1-0 Bilan,D (2303)-Belli,G (2109) Titled Tue 19th Mar Late 2024 (3)}) 14... Rfd8 15. Rb1 Rac8 16. Qa4 $146 ({RR} 16. e4 cxd4 17. exd5 Rxd5 18. Bc4 Rd6 19. cxd4 Qd7 20. Bxe6 fxe6 21. Qb3 b6 22. Re4 Re8 23. Rd1 Rf8 24. Qe3 Rf5 25. Rg4 e5 26. d5 e4 27. Rxe4 Rdxd5 28. Re1 Rd3 29. Re8+ Kh7 30. Qe4 Qd5 {½-½ Uhlmann,W-Averbakh,Y Rubinstein Memorial-13 1975 (6)}) ({RR} 16. Rb5 b6 17. Bb1 g6 18. Nh2 Na5 19. Rb2 Nc4 20. Rbe2 Qg5 21. f4 Qh4 22. Rf1 Nd6 23. Nf3 Qg3 24. Ne5 Ne4 25. Rf3 Qh4 26. Qb3 cxd4 27. exd4 Nd2 28. Rxd2 Qe1+ 29. Kh2 Qxd2 30. h4 Kh8 {1-0 Kovalenko,I (2647)-Buckels,V (2469) Bundesliga 1920 2019 (11.4)}) 16... b6 17. e4 cxd4 18. cxd4 dxe4 19. Bxe4 Na5 20. d5 Bd7 21. Qd4 Qc5 22. Qe5 Nc4 23. Qf4 Qd6 24. Qxd6 Nxd6 25. Bd3 Rc5 26. Rbd1 Ba4 27. Rd2 Kf8 28. Bf1 Ne8 29. Re4 Bb5 30. Bxb5 Rxb5 31. Red4 Rd6 32. a4 Rc5 33. Ne5 Nf6 34. Nc6 Rcxd5 35. Rxd5 Rxd5 36. Rb2 Rd7 37. a5 Nd5 38. axb6 axb6 39. Rb5 f6 40. g3 Kf7 41. Kg2 Rd6 42. Nd4 Nc7 43. Rb4 b5 44. h4 Rd5 45. Ne2 Na6 46. Rb2 b4 47. Nf4 Rd4 48. Kf3 g5 49. hxg5 hxg5 50. Ke3 Rc4 51. Nd3 Nc7 52. Ne1 Ke6 53. Nc2 Nd5+ 54. Kd3 Rc3+ 55. Kd2 Rc4 56. Kd3 Rc3+ 57. Kd2 b3 58. Rxb3 Rxb3 59. Nd4+ Ke5 60. Nxb3 Ke4 61. Ke2 Nc3+ 62. Kf1 Nd5 1/2-1/2

[Event "Olympiad Women 2024"]
[Site "Budapest HUN"]
[Date "2024.09.15"]
[Round "5.25"]
[Board "2"]
[White "Zvereva, Marija"]
[Black "Li, Yunshan"]
[Result "0-1"]
[WhiteElo "2035"]
[BlackElo "2268"]
[PlyCount "94"]
[EventDate "2024.09.11"]
[WhiteTeam "Monaco"]
[BlackTeam "Canada"]
[WhiteTeamCountry "MNC"]
[BlackTeamCountry "CAN"]

1. e4 c6 2. d4 d5 3. exd5 cxd5 4. Bd3 Nc6 5. c3 Qc7 6. h3 e6 7. Nf3 Bd6 8. Be3 ({RR} 8. O-O Nge7 9. Re1 h6 10. b3 b6 11. Na3 a6 12. Nc2 O-O 13. Ne3 f5 14. c4 Bd7 15. Bb2 Nb4 16. Bf1 a5 17. a3 Nbc6 18. Rc1 Qb7 19. cxd5 exd5 20. Bb5 Rae8 21. Qd3 Bf4 22. Rcd1 Qc7 {1-0 Swiercz,D (2649)-Li,C (2683) PRO League KO Stage rapid 2020 (1)}) 8... Bd7 $146 ({RR} 8... Nge7 9. Nbd2 O-O 10. O-O f6 11. Qc2 h6 12. Nb3 e5 13. dxe5 fxe5 14. Be2 e4 15. Nfd4 Nxd4 16. Nxd4 a6 17. c4 Nf5 18. Nxf5 Bxf5 19. Rac1 Rac8 20. Qb3 dxc4 21. Bxc4+ Kh8 22. Bxa6 Qa5 23. Rxc8 {1-0 Mirzayev,E (1223)-Heidarsson,M (1532) EU-ch Hybrid U12 2021 (7)}) ({RR} 8... Nge7 9. Nbd2 Bd7 10. Qe2 f6 11. g4 O-O-O 12. O-O-O e5 13. dxe5 fxe5 14. Bc2 h6 15. Nb3 b6 16. Kb1 Kb8 17. Nh4 Rhf8 18. Ng6 Nxg6 19. Bxg6 Be6 20. Rhe1 Bg8 21. Bf5 Ne7 22. Bc2 Nc6 23. Ka1 {1-0 Lehtosaari,M (2145)-Almedina Ortiz,E (2157) Titled Tue 30th Jan Early 2024 (9)}) 9. Nbd2 f5 10. Nb3 Nf6 11. Qc2 Ne4 12. a3 Ne7 13. a4 Ng6 14. a5 a6 15. O-O O-O 16. Rfe1 Nf4 17. Bxf4 Bxf4 18. Ne5 Bb5 19. f3 Bxe5 20. dxe5 Bxd3 21. Qxd3 Nc5 22. Nxc5 Qxc5+ 23. Qd4 Qb5 24. Ra4 Rf7 25. Qb4 Rc7 26. Qxb5 axb5 27. Ra3 Rc6 28. Rd1 Rca6 29. Rd4 Rxa5 30. Rxa5 Rxa5 31. Rb4 Kf7 32. Kf2 Ke7 33. Ke3 Kd7 34. g4 Ra4 35. Rxb5 f4+ 36. Kd3 Kc6 37. Rb3 g5 38. Ke2 b5 39. Kd3 Kc5 40. Ra3 Rxa3 41. bxa3 h6 42. Kc2 Kc4 43. Kb2 d4 44. cxd4 Kxd4 45. Kb3 Ke3 46. Kb4 Kxf3 47. Kxb5 Kg3 0-1

[Event "Olympiad Women 2024"]
[Site "Budapest HUN"]
[Date "2024.09.15"]
[Round "5.25"]
[Board "3"]
[White "Pham, Bich Ngoc"]
[Black "Berezovsky, Fiorina"]
[Result "1-0"]
[WhiteElo "2199"]
[BlackElo "1976"]
[PlyCount "48"]
[EventDate "2024.09.11"]
[WhiteTeam "Canada"]
[BlackTeam "Monaco"]
[WhiteTeamCountry "CAN"]
[BlackTeamCountry "MNC"]

1. Nf3 d5 2. d4 Nf6 3. g3 Bf5 4. c4 c6 5. Nc3 dxc4 6. Bg2 e6 7. Nh4 ({RR} 7. Ne5 Nbd7 8. Nxc4 Be7 9. O-O O-O 10. e4 Bg6 11. Be3 b5 12. Nd2 b4 13. Na4 e5 14. Rc1 Bh5 15. f3 exd4 16. Bxd4 Nb6 17. Be3 Qd3 18. Re1 Rfd8 19. Qb3 Nxa4 20. Qxa4 c5 21. Nc4 Qd7 {1-0 Sarana,A (2689)-Gunina,V (2452) Lindores Abbey Blitz Tal Memorial 2021 (6.39)}) ({RR} 7. Ne5 Nbd7 8. Nxc4 Bb4 9. O-O O-O 10. a3 Be7 11. e4 Bg6 12. Qe2 b5 13. Ne5 Nxe5 14. dxe5 Nd7 15. f4 f5 16. exf6 Nxf6 17. Be3 b4 18. axb4 Bxb4 19. Qc4 Bxc3 20. bxc3 Kh8 21. Bc5 Re8 {½-½ Manolache,M (2387)-Skurikhin,D (2288) Titled Tue 2nd Jan Early 2024 (2)}) 7... Bb4 $146 ({RR} 7... Bg6 8. O-O Nbd7 9. e4 Bh5 10. Qe1 Be7 11. d5 O-O 12. dxc6 bxc6 13. Nf3 Nc5 14. Ne5 Nd3 15. Nxd3 Qxd3 16. e5 Nd5 17. h3 Bb4 18. Bd2 Bxc3 19. bxc3 Be2 {½-½ Belov,E-Zorin,T Komi-ch Ukhta 2010 (3)}) 8. Nxf5 exf5 9. O-O O-O 10. e3 Nbd7 11. Qc2 g6 12. Nb1 Qe7 13. Qxc4 Rac8 14. a3 Bd6 15. b4 Ne4 16. f3 Nef6 17. Nc3 b5 18. Qd3 Nb6 19. e4 Nh5 20. exf5 Rfd8 21. Be3 Nc4 22. Bf2 Ng7 23. Bh3 Qd7 24. Ne4 gxf5 1-0

[Event "Olympiad Women 2024"]
[Site "Budapest HUN"]
[Date "2024.09.15"]
[Round "5.25"]
[Board "4"]
[White "Berezovska, Svetlana"]
[Black "Demchenko, Svitlana"]
[Result "1/2-1/2"]
[WhiteElo "1869"]
[BlackElo "2167"]
[PlyCount "140"]
[EventDate "2024.09.11"]
[WhiteTeam "Monaco"]
[BlackTeam "Canada"]
[WhiteTeamCountry "MNC"]
[BlackTeamCountry "CAN"]

1. e4 c5 2. Nf3 Nc6 3. d4 cxd4 4. Nxd4 Qb6 5. Nb3 Nf6 6. Nc3 e6 7. Be3 Qc7 8. a3 a6 9. Be2 b5 10. O-O Be7 11. f4 d6 12. Qe1 ({RR} 12. Bf3 Bb7 13. Qe1 O-O 14. Qg3 Rac8 15. Kh1 Rfe8 16. e5 dxe5 17. fxe5 Nd7 18. Bf4 Kh8 19. Rae1 b4 20. axb4 Nxb4 21. Re2 Bxf3 22. Rxf3 Nc5 23. Nxc5 Bxc5 24. Be3 Bxe3 25. Rfxe3 Red8 26. h3 Nc6 {0-1 Savitha,S (2375)-Rasulov,V (2560) Qatar Masters Open 2023 (1.34)}) ({RR} 12. Bf3 Bb7 13. Qe2 O-O 14. Rad1 b4 15. axb4 Nxb4 16. Qf2 Nd7 17. Nc1 Bc6 18. Nd3 a5 19. Ra1 Qb7 20. Qe2 Rfd8 21. Kh1 Nb6 22. f5 Nxd3 23. cxd3 exf5 24. exf5 Bf6 25. Bxc6 Qxc6 26. Ne4 Be5 {0-1 Kirthika,B (1791)-Soumya,S (2259) TCh-IND Women 2024 (4.4)}) 12... Bb7 13. Qg3 O-O 14. Bd3 $146 ({RR} 14. Rad1 Nd7 15. f5 Kh8 16. fxe6 fxe6 17. Bg4 b4 18. axb4 Nxb4 19. Bxe6 Nxc2 20. Bxd7 Nxe3 21. Qxe3 Qxd7 22. Rxf8+ Rxf8 23. Nc5 Qc8 24. Nxb7 Qxb7 25. Nd5 Bd8 26. Qd4 h6 27. h3 Bf6 28. Nxf6 Rxf6 {½-½ Fridh,A-Burehall,A SWE-ch48 Gothenburg 1964}) ({RR} 14. Nd4 Rfe8 15. Rac1 Nxd4 16. Bxd4 e5 17. Be3 Nxe4 18. Nxe4 Bxe4 19. c4 exf4 20. Rxf4 d5 21. cxd5 Qe5 22. Rxf7 Qxb2 23. Rf8+ Bxf8 24. Bh5 g6 25. Rd1 Bd6 26. Bd4 Qxd4+ 27. Rxd4 Bxg3 28. Bg4 Bd6 {0-1 Batukhtin,A (2114)-Smirnov,P (2575) Izmailov Memorial op 13th 2009 (1)}) 14... b4 15. Nd1 Rfd8 16. Nf2 Rac8 17. Rae1 bxa3 18. bxa3 e5 19. Ng4 Nxg4 20. Qxg4 exf4 21. Qxf4 Bf6 22. Qg3 Be5 23. Qh4 Qe7 24. Bg5 f6 25. Be3 Re8 26. Rf3 Nd8 27. Rh3 g6 28. Rf1 Ne6 29. Na5 Nf8 30. Nc4 Rc7 31. Nxe5 fxe5 32. Bg5 Qd7 33. Rhf3 Ne6 34. Bh6 d5 35. Qf6 Qe7 36. Qxe5 Ng7 37. Qxe7 Rcxe7 38. exd5 Bxd5 39. Rf6 Be6 40. Bxa6 Nf5 41. Bg5 Rc7 42. g4 Nd4 43. Bh6 Rf7 44. Rxf7 Bxf7 45. c3 Ne2+ 46. Bxe2 Rxe2 47. Rd1 Be6 48. h3 Kf7 49. Bf4 Ra2 50. Bd6 Bb3 51. Rd3 Ke6 52. Rd4 Rc2 53. Bb4 Bd5 54. h4 h6 55. a4 Ke5 56. a5 Bf3 57. a6 Ra2 58. Rd6 Kf4 59. Rxg6 Kg3 60. Bd6+ Kxh4 61. Rxh6+ Kxg4 62. Be5 Be2 63. Rh2 Ra1+ 64. Kf2 Bxa6 65. Ke3 Kf5 66. Rh5+ Ke6 67. Kd4 Rd1+ 68. Ke3 Re1+ 69. Kd4 Rd1+ 70. Ke3 Re1+ 1/2-1/2

[Event "Olympiad Women 2024"]
[Site "Budapest HUN"]
[Date "2024.09.15"]
[Round "5.26"]
[Board "1"]
[White "Perez Rodriguez, Jennifer"]
[Black "Unuk, Laura"]
[Result "0-1"]
[WhiteElo "2224"]
[BlackElo "2316"]
[PlyCount "80"]
[EventDate "2024.09.11"]
[WhiteTeam "Paraguay"]
[BlackTeam "Slovenia"]
[WhiteTeamCountry "PAR"]
[BlackTeamCountry "SLO"]

1. d4 Nf6 2. c4 e6 3. Nf3 b6 4. a3 Bb7 5. Bf4 d5 ({RR} 5... d6 6. Nc3 Nbd7 7. Qc2 c5 8. dxc5 Nxc5 9. Rd1 Be7 10. e3 O-O 11. Be2 Nce4 12. O-O Nxc3 13. Qxc3 Rc8 14. Qb3 Nh5 15. Be5 Qc7 16. Bd4 Nf6 17. Nd2 d5 18. cxd5 Bxd5 19. Qa4 Bc6 20. Qb3 {½-½ Nakamura,H (2784)-Andreikin,D (2713) Moscow Tal Memorial 8th 2013 (5)}) 6. cxd5 Nxd5 7. Bg3 Nd7 8. e3 $146 ({RR} 8. Nbd2 N5f6 9. Rc1 Bd6 10. Qc2 O-O 11. e4 Nh5 12. e5 Be7 13. Bd3 g6 14. Be4 Bxe4 15. Qxe4 c5 16. O-O cxd4 17. b4 Nxg3 18. hxg3 a5 19. Nxd4 {½-½ Vaibhav,S (2600)-Peralta,F (2595) Barcelona Sants op-A 23rd 2022 (8)}) ({RR} 8. Nbd2 Be7 9. Rc1 c5 10. dxc5 bxc5 11. Nc4 O-O 12. e3 N7f6 13. Bd3 Nh5 14. Be5 f6 15. Ng5 Qe8 16. Nxh7 fxe5 17. Nxf8 Kxf8 18. Nxe5 Nhf6 19. Qf3 Bd6 20. Ng6+ Kf7 21. O-O Rd8 22. Qh3 Nb6 {0-1 Rottenwohrer Suarez,J (2275)-Martinez Ramirez,L (2450) 50th La Roda Open 2024 (9.7)}) ({RR} 8. Qc2 c5 9. e4 N5f6 10. Nc3 cxd4 11. Nxd4 Bc5 12. Nb3 O-O 13. Nxc5 Nxc5 14. f3 Nh5 15. Rd1 Qg5 16. Bd6 Rfd8 17. Qd2 Qg6 18. e5 Rac8 19. b4 Nb3 20. Qb2 Qg5 21. Kf2 Bxf3 22. gxf3 Qh4+ {½-½ Faizrakhmanov,R (2461)-Ayush,S (2321) 29th Abu Dhabi Masters 2023 (8.28)}) 8... c5 9. Bd3 Be7 10. O-O O-O 11. Nbd2 cxd4 12. Nxd4 Nc5 13. Bb5 Rc8 14. Rc1 a6 15. Be2 b5 16. Bf3 Qb6 17. Qc2 Rfd8 18. Qb1 h6 19. Rfd1 Bg5 20. Ne4 Nxe4 21. Qxe4 Rxc1 22. Rxc1 Nxe3 23. Qxb7 Qxd4 24. Rc8 Nf5 25. Rxd8+ Bxd8 26. Qc8 Kh7 27. Qc2 Bf6 28. Bb7 g6 29. Bxa6 Qb6 30. Bc8 Nd4 31. Qc7 Ne2+ 32. Kf1 Nxg3+ 33. Qxg3 Qc6 34. Qf3 Qc1+ 35. Ke2 Qxb2+ 36. Kd1 Qb1+ 37. Ke2 Qc2+ 38. Ke1 Bc3+ 39. Kf1 Qc1+ 40. Ke2 Qd2+ 0-1

[Event "Olympiad Women 2024"]
[Site "Budapest HUN"]
[Date "2024.09.15"]
[Round "5.26"]
[Board "2"]
[White "Urh, Zala"]
[Black "Vargas, Gabriela"]
[Result "1-0"]
[WhiteElo "2251"]
[BlackElo "2109"]
[PlyCount "129"]
[EventDate "2024.09.11"]
[WhiteTeam "Slovenia"]
[BlackTeam "Paraguay"]
[WhiteTeamCountry "SLO"]
[BlackTeamCountry "PAR"]

1. d4 d5 2. Bf4 e6 3. Nf3 Bd6 4. Bg3 Ne7 5. e3 c5 6. c3 Nbc6 7. Bd3 O-O 8. Nbd2 f6 $146 ({RR} 8... f5 9. Ne5 Nxe5 10. dxe5 Bc7 11. f4 Nc6 12. Bf2 c4 13. Bc2 b5 14. a3 Bb6 15. g4 Ne7 16. Nf3 Bd7 17. Nd4 Bxd4 18. Qxd4 Qc7 19. Rg1 Be8 20. Qd1 a5 21. Bh4 Bg6 22. Kd2 Rab8 23. gxf5 {½-½ Rakic,T (2410)-Diesen,M (2220) Odzaci 1978 (2.4)}) ({RR} 8... Ng6 9. Qc2 b6 10. Ne5 Bb7 11. f4 Rc8 12. h4 cxd4 13. Nxc6 Rxc6 14. h5 dxe3 15. hxg6 exd2+ 16. Kxd2 fxg6 17. Rxh7 Kxh7 18. Bxg6+ Kg8 19. Bh7+ Kh8 20. Rh1 Bxf4+ 21. Bxf4 Rxf4 22. Bg8+ Kxg8 23. Qh7+ {0-1 Foucreault,L (1507)-Ripoll,A (1713) Quebec Montcalm op 3 2016-17 (5)}) 9. dxc5 Bxc5 10. Nb3 Bd6 11. e4 dxe4 12. Bxe4 e5 13. O-O Be6 14. Nfd2 Qc7 15. f3 Rad8 16. Qe2 f5 17. Bc2 Rfe8 18. Rfd1 Ng6 19. Kh1 Qf7 20. a4 Kh8 21. a5 a6 22. Ra4 Be7 23. Nc4 Rxd1+ 24. Bxd1 Bd5 25. Nbd2 Bf8 26. Nb6 Be6 27. Bc2 Rd8 28. Ndc4 f4 29. Bf2 Bf5 30. Ra1 h6 31. Rd1 Rxd1+ 32. Qxd1 Kh7 33. h3 Be7 34. b4 Bxc2 35. Qxc2 Kh8 36. Qe4 Qe6 37. Qd5 Nf8 38. Qxe6 Nxe6 39. Nd7 Bf6 40. Nd6 Ncd8 41. Bb6 Be7 42. Nc4 Nc6 43. Kg1 Kg8 44. Kf2 Bf6 45. Nd6 Ned8 46. Nc5 Kf8 47. Ndxb7 e4 48. Nxd8 e3+ 49. Ke2 Bxd8 50. Ne6+ Ke7 51. Nxf4 Kd6 52. Bxd8 Nxd8 53. Kxe3 g5 54. Ne2 Kd5 55. Kd3 Nc6 56. c4+ Ke5 57. Kc3 h5 58. Kb3 Kd6 59. Ng3 h4 60. Ne4+ Ke5 61. Nxg5 Nd4+ 62. Ka4 Kd6 63. b5 Kc5 64. bxa6 Nc6 65. Nf7 1-0